Sports Quiz

Random Sports or Basketball Quiz

Are You a Casual NBA Fan Test Quiz Stats

 Plays Quiz not verified by Sporcle

Support Sporcle.
Go Orange.
Score 0/38 Timer 20:00
2 Plays Today
Question Answer Wrong Answers
You Assumed Luol Deng Wouldn't Appear in the Quiz I Was Wrong
90.9%
Which One of These Players Has Never Made an All Star Team?
75%
5.5%
12.2%
6.9%
Which Player Has Never Made the Playoffs? (Not Counting 2020)
72%
All Have Made the Playoffs
13.2%
8.7%
2.6%
Which Team Drafted Dennis Smith Jr.? Mavericks
71.7%
Knicks
17.2%
Magic
4.4%
Suns
3.9%
How Many Years in a Row Has James Harden Led the NBA in Scoring? (Including 2020) 3
64.9%
2
31.6%
1
2.8%
Which Player is Chris Silva?
63.5%
9.5%
16.6%
7.1%
Who Has Averaged More PPG in the 2020 NBA Season?
61.9%
14.1%
19.6%
What Is Marcus Smart's Career High 3-Pointers Made in a Game? Above 10
61.9%
Below 10
37.3%
Who Holds the Record For Most Attempted 3-Pointers in a Season?
61.5%
27.8%
5.4%
3.6%
Against Which Team Did Klay Thompson Break the Record for Most 3-Pointers in a Game with 14? Bulls
58.4%
Blazers
10.8%
Suns
14.9%
Hawks
9.6%
Who Out of These Players Has Won The Most Championships? All Have None
56.7%
12.9%
14%
7.7%
Jahlil Okafor Averaged 20 PPG His Rookie Season False
54.5%
True
37%
How Many Championships As a Coach and Player Does Steve Kerr Have? 8
53.5%
6
24%
No Correct Answer
13.7%
Which Player Has Won More Finals MVPs?
52.4%
13.3%
Same Amount
25.4%
Will You Subscribe To Kj Bantic? Yes
52%
No
38.1%
Which Player Holds the NBA Record for Most Turnovers in a Playoff Game?
49.6%
29.9%
4.1%
8.5%
What is Jared Sullinger's Career High PPG? Below 15 PPG
48.2%
Above 15 PPG
42.8%
Which Player Did Not Go Undrafted?
48.2%
16.1%
13.4%
14.1%
Which Team Did the Wolves Battle in the Last Game of 2018 NBA Season for the 8th Seed? Nuggets
46.1%
Grizzlies
16.1%
Pelicans
18.8%
Blazers
12.7%
Which Player Has Had the Most Assists in a Game Among Active Players?
45.8%
16%
19.4%
9.1%
Against Which Team Did Kelly Olynyk Drop 26 Points in a Game 7? Wizards
44.4%
Bucks
20.1%
Hawks
12%
76ers
18.6%
Who Has Won More 6th Man Awards? Same Amount
44.4%
17.8%
36.7%
Which One of These Players is Tony Wroten?
40.5%
16.9%
16.6%
17.3%
Which Player In the 2020 NBA Season Suffered a Torn ACL, Knee Fracture and Torn Meniscus In the Same Game?
40.5%
13.5%
28.3%
12.2%
Who Out of These Players Has Won an All Star Game MVP?
39.5%
15%
All Have None
25.2%
12.8%
When Was the Last Time John Wall Played? 2018-19 Season
38.9%
2017-18 Season
58.5%
What is the Best All-NBA Team DeAndre Jordan Has Made? All-NBA 1st
37.8%
All-NBA 2nd
25.1%
All-NBA 3rd
20.4%
Never Made an All-NBA Team
11.8%
Which Player Has Won More Regular Season MVPs? Same Amount
37.2%
21.4%
31.6%
Which One of These Players is Hollis Thompson?
35.2%
13%
No Correct Answer
32%
13.3%
Which One of These Players Was Not Drafted #2 Overall?
33.7%
17.2%
14.3%
All Were Drafted #2
25.7%
Which Player Did Not Spend Their Whole Career on One Team?
31.6%
10.1%
7%
All 3 Spent Their Whole Careers on One Team
41.9%
Against Which Team Did Meyers Leonard Drop 30 Points in a Playoff Elimination Game? Warriors
31.4%
Nuggets
30.4%
Thunder
29.4%
Which Team Drafted Domantas Sabonis? Magic
29.8%
Thunder
40.2%
Pacers
20.2%
Blazers
3%
Which Player is Alonzo Gee?
29.4%
19.4%
24.4%
19.4%
Which Player is Gary Payton II? No Correct Answer
27.6%
20.4%
4.2%
38.7%
Which Player is Diamond Stone?
27.2%
20.4%
25%
17.8%
What Was Giannis Antetokounmpo Listed As in 2016? PG
19.9%
SG
10.8%
SF
44.3%
PF
15.4%
Which Player Has Never Won a Finals MVP?
18.9%
All Have Won
36.9%
18.7%
15.7%

You're not logged in!

Compare scores with friends on all Sporcle quizzes.
OR
Log In

From the Vault

Building Bridges IV

by jyrops

This doesn't make you a structural engineer. We want that to be clear.
Remove Ads.
Support Sporcle.
Get the best of Sporcle when you Go Orange. This ad-free experience offers more features, more stats, and more fun while also helping to support Sporcle. Thank you for becoming a member.

Show Comments

Extras

Top Quizzes Today


Score Distribution

Your Account Isn't Verified!

In order to create a playlist on Sporcle, you need to verify the email address you used during registration. Go to your Sporcle Settings to finish the process.

Report this User

Report this user for behavior that violates our Community Guidelines.

Details: